Сузге: стихотворения, драматические произведения, проза, письма: сборник; Конек-горбунок; Сузге; Фома-кузнец; Суворов и станционный смотритель; Кузнец Базим, или Прозорливость бедняка; Страшный меч; Страшный лес; Дедушкин колпак; Рассказ о том, каким образом дедушка мой, бывший у царя Кучума первым муфтием, пожалован в такой знатный чин; Об Иване трапезнике и о том, кто третью булку съел; Панин бугор;Рассказ о том, каким образом дедушка мой, бывший у царя Кучума первым муфтием, вкусил романеи и как три купца ходили по городу
| 1. Verfasser: | |
|---|---|
| Weitere Verfasser: | |
| Sprache: | Russisch |
| Veröffentlicht: |
Иркутск, Восточно-Сибирское кн. изд-во, 1984
|
| TOC: | Конек-горбунок; Сузге; Фома-кузнец; Суворов и станционный смотритель; Кузнец Базим, или Прозорливость бедняка; Страшный меч; Страшный лес; Дедушкин колпак; Рассказ о том, каким образом дедушка мой, бывший у царя Кучума первым муфтием, пожалован в такой знатный чин; Об Иване трапезнике и о том, кто третью булку съел; Панин бугор;Рассказ о том, каким образом дедушка мой, бывший у царя Кучума первым муфтием, вкусил романеи и как три купца ходили по городу; |
| Schriftenreihe: | Литературные памятники Сибири |
| Schlagworte: | |
| Format: | MixedMaterials Buch |
| KOHA link: | https://koha.lib.tpu.ru/cgi-bin/koha/opac-detail.pl?biblionumber=326572 |
MARC
| LEADER | 00000nam0a2200000 4500 | ||
|---|---|---|---|
| 001 | 326572 | ||
| 005 | 20231102003856.0 | ||
| 035 | |a (RuTPU)RU\TPU\book\352226 | ||
| 090 | |a 326572 | ||
| 100 | |a 20170109d1984 m y0rusy50 ca | ||
| 101 | 0 | |a rus | |
| 102 | |a RU | ||
| 105 | |a a z 001ay | ||
| 200 | 1 | |a Сузге: стихотворения, драматические произведения, проза, письма |e сборник |f П. П. Ершов |g авт. послесл. В. Г. Утков | |
| 210 | |a Иркутск |c Восточно-Сибирское кн. изд-во |d 1984 | ||
| 215 | |a 464 с. |c ил. | ||
| 225 | 1 | |a Литературные памятники Сибири | |
| 320 | |a Комментарии: с. 419-445 | ||
| 320 | |a Об авторе: с. 446-463 | ||
| 464 | |t Конек-горбунок |o сказка | ||
| 464 | |t Сузге | ||
| 464 | |t Фома-кузнец; Суворов и станционный смотритель; Кузнец Базим, или Прозорливость бедняка; Страшный меч |o драмы | ||
| 464 | |t Страшный лес; Дедушкин колпак; Рассказ о том, каким образом дедушка мой, бывший у царя Кучума первым муфтием, пожалован в такой знатный чин; Об Иване трапезнике и о том, кто третью булку съел; Панин бугор;Рассказ о том, каким образом дедушка мой, бывший у царя Кучума первым муфтием, вкусил романеи и как три купца ходили по городу |o рассказы | ||
| 600 | 1 | |a Ершов |b П. П. |c русский писатель |f 1815-1869 |g Петр Павлович |2 stltpush |3 (RuTPU)RU\TPU\pers\15511 |9 5372 | |
| 606 | 1 | |a Русская литература, дореволюционная |2 stltpush |3 (RuTPU)RU\TPU\subj\26371 |9 50314 | |
| 610 | 1 | |a художественная литература | |
| 610 | 1 | |a русская литература | |
| 610 | 1 | |a стихотворения | |
| 610 | 1 | |a драматургия | |
| 610 | 1 | |a проза | |
| 610 | 1 | |a сказки | |
| 610 | 1 | |a письма | |
| 675 | |a Р1 |v 4 | ||
| 700 | 1 | |a Ершов |b П. П. |c русский писатель |f 1815-1869 |g Петр Павлович |2 stltpush |3 (RuTPU)RU\TPU\pers\15511 |4 070 |9 5372 | |
| 702 | 1 | |a Утков |b В. Г. |4 075 | |
| 801 | 1 | |a RU |b 63413507 |c 20170109 | |
| 801 | 2 | |a RU |b 63413507 |c 20201218 |g RCR | |
| 942 | |c BK | ||